Music Quiz

Random Music or Billboard Quiz
Score 0/51 Timer 06:00
4 Plays Today
Year Title % Correct
2013Royals
72.4%
1983Africa
67.9%
1997MMMbop
59.7%
2018Havana
54.6%
1999Smooth
53.9%
2019Bad Guy
51.5%
2006*Bad Day
50.3%
2010*TiK ToK
47.8%
1983*Beat It
47.8%
1982Mickey
46.6%
2014Timber
45.7%
1980*Call Me
43.8%
2016Closer
43.3%
1988Kokomo
41%
2019Sucker
35.9%
1990*Hold On
35.3%
2017HUMBLE.
34%
2001#Fallin'
33.5%
1965*My Girl
31%
1983Maniac
26.1%
1986Amanda
25.8%
2000Amazed
25.6%
2008*So What
25.3%
1977Dreams
25%
1979†Escape (The Pina Colada Song)
22.4%
1985Heaven
22%
Year Title % Correct
1976Convoy
21.7%
20197 Rings
21.6%
2018Psycho
20.9%
1998*†Doo Wop (That Thing)
18.9%
1962Sherry
18.4%
2001*#I'm Real
18.2%
1972†Brandy (You're A Fine Girl)
18.1%
2006*My Love
18%
1973*My Love
18%
1966*My Love
18%
1978Grease
16.3%
1994*I Swear
15.9%
1960*El Paso
13.1%
1987Always
12.8%
1989*Rock On
11.7%
2006*So Sick
11.7%
1988Monkey
9.3%
2010*Imma Be
8.8%
1972*Oh Girl
8.1%
2006Grillz
7.9%
1981Medley
6.7%
1995†Exhale (Shoop Shoop)
6%
1962Sheila
5.7%
1998Lately
3.2%
1959*#Mr. Blue
2.7%

You're not logged in!

Compare scores with friends on all Sporcle quizzes.
OR
Log In

Sporcle TV

Today on Sporcle TV


Watch our educational content, quiz creation guides, and fun videos on Sporcle TV.

Show Comments

Extras

Top Quizzes Today


Score Distribution

Paid Content

Your Account Isn't Verified!

In order to create a playlist on Sporcle, you need to verify the email address you used during registration. Go to your Sporcle Settings to finish the process.

Report this User

Report this user for behavior that violates our Community Guidelines.

Details: